Rozpoznaj mecz po komentarzu - Statystyki

Ogólne statystyki
  • Ten quiz został rozwiązany 31 razy
  • Średni wynik to 2 z 7
Statystyki odpowiedzi
Komentarz Mecz % Poprawnych
"Będzie okazja,*** i ***.Jest tutaj z lewej strony Lozano.Będzie wreszcie gol dla ***!?Lozanoooooooooo!!!Ależ bramka" Meksyk-Niemcy
63%
"Przeniósł się Pavon z prawej na lewą stronę.Teraz okazja do oddania strzału,taaaaaaak!!!!Taaaaaaaak!!!Jeden jeden ależ teraz *** przyłożył." Francja-Argentyna
56%
"*** w pole kaaarne!!!Aaaaa!!!Goool!!!Gol Perisić!!!" Chorwacja-Anglia
52%
"***.Daleko ***,układa sobie Otamendiego ***,prawa noga ***!!!Goooool !!! Zero dwa ***,wspaniałym strzałem przybliża *** jeszcze bardziej do awansu.*** na kolanach." Argentyna-Chorwacja
26%
"Gdyby takim wynikiem zakończyło by się to spotkaniem,będzie dogrywka.Ale póki co atakuje Bystrov!...Jeszcze jeden rzut rożny.No teraz...***.No proszę dochodzi tutaj do ...dość ciekawych scen.No pokłócony tutaj z ***.Ten wściekły na niego że dopuścił do tego rzutu rożnego.Wiedział że po rzucie rożnym stracili bramkę gracze ***.No i już tutaj w zasadzie już bójka pomiędzy *** a ***." Celtic-Spartak
15%
"***.(2.Komentator)Piękne podcięcie(1 komentator)Ale ładne zgranie!*** Aaa!!!*** co się dzieje?Co się dzieje?Tak gra niechciany" Bayern-FC Barcelona
4%
"Brakło dokładności ale odzyskał piłkę Aguilar!I z daleka teraz strzał!Ale Gool!!!Ależ piękna bramka ***.4 bramka w finałach" Kolumbia-Urugwaj
4%
Nie znaleziono quizów pasujących do podanych kryteriów
Rozkład punktacji
Procent ludzi z każdym wynikiem
Percentyl według liczby udzielonych odpowiedzi
Twoja historia wyników
Nie rozwiązałeś tego quizu